Państwa w jajku na mapie świata - Statystyki

Ogólne statystyki
  • Ten quiz został rozwiązany 7 570 razy
  • Średni wynik to 23 z 27
Odpowiedzi na mapie
Odpowiedzi zakodowano w zielono-czerwonej skali na mapie do tego quizu, zgodnie z poniższymi procentami.
 
Statystyki odpowiedzi
Country % Poprawnych
Egipt
98%
Turcja
98%
Arabia Saudyjska
96%
Cypr
94%
Grecja
94%
Irak
94%
Iran
94%
Izrael
94%
Oman
92%
Jemen
91%
Katar
90%
Zjednoczone Emiraty Arabskie
90%
Libia
89%
Sudan
89%
Syria
88%
Jordania
85%
Somalia
85%
Sudan Południowy
84%
Etiopia
83%
Liban
83%
Czad
82%
Kuwejt
81%
Niger
79%
Bahrajn
77%
Erytrea
77%
Dżibuti
68%
Republika Środkowoafrykańska
64%
Nie znaleziono quizów pasujących do podanych kryteriów
Rozkład punktacji
Procent ludzi z każdym wynikiem
Percentyl według liczby udzielonych odpowiedzi
Twoja historia wyników
Nie rozwiązałeś tego quizu